El pensamiento débil / (Record no. 8271)

MARC details
000 -LEADER
campo de control de longitud fija 00829nam a2200277 i 4500
001 - NÚMERO DE CONTROL
campo de control 8271
003 - IDENTIFICADOR DE NÚMERO DE CONTROL
campo de control ES-MaACL
005 - FECHA Y HORA DE LA ÚLTIMA TRANSACCIÓN
campo de control 20230906145424.0
007 - CAMPO FIJO DE DESCRIPCIÓN FÍSICA--INFORMACIÓN GENERAL
campo de control de longitud fija t|
008 - DATOS DE LONGITUD FIJA--INFORMACIÓN GENERAL
campo de control de longitud fija 920428s1990 sp |||| | spa d
020 ## - NÚMERO INTERNACIONAL ESTÁNDAR DEL LIBRO
Número Internacional Estándar del Libro 84-376-0739-6
080 ## - NÚMERO DE LA CLASIFICACIÓN DECIMAL UNIVERSAL
Número de la Clasificación Decimal Universal 1"19"
245 03 - MENCIÓN DEL TÍTULO
Título El pensamiento débil /
Mención de responsabilidad, etc. Gianni Vattimo y Pier Aldo Rovatti (eds.) ; Leonardo Amoroso ... [et al.] ; [traducción de Luis de Santiago].
250 ## - MENCION DE EDICION
Mención de edición 2ª ed.
260 ## - PUBLICACIÓN, DISTRIBUCIÓN, ETC.
Lugar de publicación, distribución, etc. Madrid :
Nombre del editor, distribuidor, etc. Cátedra,
Fecha de publicación, distribución, etc. 1990.
300 ## - DESCRIPCIÓN FÍSICA
Extensión 363 p. ;
Dimensiones 18 cm.
490 1# - MENCIÓN DE SERIE
Mención de serie Teorema
504 ## - NOTA DE BIBLIOGRAFÍA, ETC.
Nota de bibliografía, etc. Referencias bibliográficas.
650 14 - PUNTO DE ACCESO ADICIONAL DE MATERIA--TÉRMINO DE MATERIA
Término de materia o nombre geográfico como elemento de entrada Filosofía-
Subdivisión cronológica S.XX.
9 (RLIN) 12826
700 1# - ENTRADA AGREGADA--NOMBRE PERSONAL
Nombre de persona Vattimo, Gianni.
9 (RLIN) 113303
700 1# - ENTRADA AGREGADA--NOMBRE PERSONAL
Nombre de persona Rovatti, Pier Aldo.
9 (RLIN) 159854
700 1# - ENTRADA AGREGADA--NOMBRE PERSONAL
Nombre de persona Amoroso, Leonardo.
9 (RLIN) 21324
830 0# - PUNTO DE ACCESO ADICIONAL DE SERIE-TÍTULO UNIFORME
Título uniforme Teorema
9 (RLIN) 181356
852 ## - LOCALIZACIÓN
Ubicación ES-MaACL
Número de control de estantería L-15624
Holdings
Estatus retirado Estado de pérdida Estado de daño No para préstamo Biblioteca de origen Biblioteca actual Ubicación en estantería Fecha de adquisición Fuente de adquisición Total de préstamos Signatura topográfica completa Código de barras Visto por última vez Precio de reemplazo Tipo de ítem Koha
        Biblioteca del Ateneo de Madrid Biblioteca del Ateneo de Madrid Depósito 2 17/01/2008     L-15624 1008442 23/02/2023 23/02/2023 Libro impreso